Proceedings of the Conference on Forestry and Forest Products Research 1997

Bibliographic Details
Corporate Author: CONFERENCE on Forestry and Forest Products Research
Other Authors: Appanah
Format: Book
Published: Kuala Lumpur : FRIM , 2000
Subjects:

MARC

LEADER 00000cam a2200000 7i4500
001 0000000424
005 20011025.0
020 0 0 |a 9832181054 
090 0 0 |a 634.909595   |b CON 2000 
110 1 0 |a CONFERENCE on Forestry and Forest Products Research   |k 1997 
245 1 0 |a Proceedings of the Conference on Forestry and Forest Products Research 1997   |c editors, S. Appanah ... [et al.] 
260 0 0 |a Kuala Lumpur :   |b FRIM ,   |c 2000 
300 |a 514 p. :   |b ill. ;   |c 25 cm. 
500 0 0 |a Includes bibliographical references 
650 0 0 |a Forest management   |z Malaysia   |x Research   |x Congresses 
650 0 0 |a Forest plants   |z Malaysia   |x Congresses 
650 0 0 |a Forest products   |z Malaysia   |x Research   |x Congresses 
650 0 0 |a Forests and forestry   |z Malaysia   |x Research   |x Congresses 
700 0 1 |a Appanah   |h S. 
998 |a JPSM 
999 |a 0000001555   |b Monograph   |c Open Shelf   |e Default branch